QUEST Central Library Banner

Development and performance anaylysis of a rought terrain RC vehicle using rocker bogie mechanical with live video feed (Record no. 64701)

MARC details
000 -LEADER
fixed length control field 00377nam a22001097a 4500
100 ## - MAIN ENTRY--AUTHOR NAME
Personal name Muhammad Abu Bakar Shaikh
-- 15ME27
245 ## - TITLE STATEMENT
Title Development and performance anaylysis of a rought terrain RC vehicle using rocker bogie mechanical with live video feed
260 ## - PUBLICATION, DISTRIBUTION, ETC. (IMPRINT)
Place of publication Nawabshah
Name of publisher Quest
Year of publication 2019
300 ## - PHYSICAL DESCRIPTION
Number of Pages 43
700 ## - ADDED ENTRY--PERSONAL NAME
Personal name Department of Mechanical Engineering
942 ## - ADDED ENTRY ELEMENTS (KOHA)
Koha item type Books
Holdings
Withdrawn status Lost status Home library Current library Date acquired Accession Number Koha item type
    Central Library, QUEST, Nawabshah Research Section 05/03/2019 MEP/32-392 Thesis and Dissertation

Copyright © 2018,The QUEST, Nawabshah, Shaheed Benazirabad. All rights reserved
Mr. G. Farooq Channar (Librarian) QUEST, Nawabshah, Sindh, Pakistan 67480.
 Ph#: |   0244-9370381-4 Ext. 2308   Email| lib@quest.edu.pk   Web|  http://www.quest.edu.pk